[Event "AUT_2BO_200607"]
[Site "6 810Zwettl,4 511Bruck/L,2"]
[Date "2006.10.08"]
[Round "3"]
[Board "4"]
[White "Goetz, Alexander"]
[Black "Sadilek, Maximilian"]
[Result "1-0"]
[WhiteElo "2172"]
[BlackElo "2170"]
[PlyCount "107"]
[EventDate "2006.10.06"]
[EventType "team"]
[EventRounds "11"]
[EventCountry "AUT"]
[WhiteTeam "Aljechin/Wieden"]
[BlackTeam "SV Stockerau"]

1.c4 b6 2.Nc3 Bb7 3.e4 e6 4.d3 Ne7 5.g3 d5 6.exd5 exd5 7.Bg2 c6 8.cxd5 Nxd5
9.Nxd5 cxd5 10.Ne2 Nd7 11.O-O Be7 12.Nf4 Nf6 13.b3 O-O 14.Bb2 Rc8 15.Re1 Bb4
16.Re2 Bc3 17.Bxc3 Rxc3 18.Rc2 Rxc2 19.Qxc2 Qb8 20.Rc1 Rc8 21.Qd2 Rxc1+ 22.Qxc1
Qd6 23.h4 g6 24.Qb2 h5 25.Qd4 Kh7 26.b4 Qe7 27.Kf1 Qd6 28.a3 Bc6 29.Ne2 Kg7
30.Nc3 Kf8 31.Ne4 Nxe4 32.dxe4 Ke7 33.exd5 Bb5+ 34.Ke1 Qf6 35.Qxf6+ Kxf6 36.Kd2
Ke5 37.Ke3 f6 38.f4+ Kf5 39.Bf3 g5 40.fxg5 fxg5 41.Bxh5 gxh4 42.gxh4 Ke5 43.Bf7
Be2 44.Kd2 Bf3 45.Ke3 Be4 46.h5 a5 47.h6 axb4 48.axb4 Bh7 49.Be6 Kf6 50.Kf4 Bd3
51.Bg8 Bb5 52.h7 Kg7 53.Ke5 Be8 54.Ke6

[Event "AUT_2BO_200607"]
[Site "6 810Zwettl,4 511Bruck/L,2"]
[Date "2006.10.08"]
[Round "3"]
[Board "5"]
[White "Schirmbeck, Hannes"]
[Black "Wirius, Johannes"]
[Result "1/2-1/2"]
[WhiteElo "2141"]
[BlackElo "2188"]
[PlyCount "125"]
[EventDate "2006.10.06"]
[EventType "team"]
[EventRounds "11"]
[EventCountry "AUT"]
[WhiteTeam "SV Stockerau"]
[BlackTeam "Aljechin/Wieden"]

1.e4 Nf6 2.e5 Nd5 3.d4 d6 4.Bc4 c6 5.Nf3 g6 6.O-O Bg7 7.exd6 Qxd6 8.Bb3 O-O
9.Bg5 Nd7 10.Bh4 N7f6 11.Re1 Bf5 12.Bg3 Qd8 13.c4 Nb6 14.Nc3 Nh5 15.Bh4 Re8
16.Ne5 Bf6 17.c5 Nd5 18.Nxd5 cxd5 19.Bxf6 Nxf6 20.Ba4 Rf8 21.b4 Ne4 22.Rc1 Rc8
23.f3 Nf6 24.Qe2 Rc7 25.Bb5 Kg7 26.a4 a6 27.Bd3 Bxd3 28.Qxd3 Nd7 29.b5 axb5
30.Qxb5 Nxe5 31.Rxe5 e6 32.Rb1 Qh4 33.Qd3 Ra8 34.g3 Qf6 35.Qa3 Rac8 36.f4 Qe7
37.Re2 Ra8 38.Rb4 Rc6 39.Reb2 Ra7 40.Qe3 Rc7 41.Qe5+ f6 42.Qe3 Qd7 43.Qb3 h6
44.Re2 Ra6 45.Rb5 g5 46.fxg5 hxg5 47.a5 Qf7 48.Rb6 Rxb6 49.axb6 Rc6 50.Qa4 Rc8
51.Rc2 Rc6 52.Qa8 Qd7 53.Ra2 Rc8 54.Qa4 Qe7 55.Qb5 Kh6 56.Ra7 e5 57.Qe2 Qh7
58.Qf1 Kg6 59.dxe5 f5 60.g4 Rf8 61.Ra4 Qe7 62.Ra5 Qxe5 63.c6

[Event "AUT_2BO_200607"]
[Site "6 810Zwettl,4 511Bruck/L,2"]
[Date "2006.10.08"]
[Round "3"]
[Board "6"]
[White "Zaynard, Andreas"]
[Black "Schmid, Thomas"]
[Result "1-0"]
[WhiteElo "2068"]
[BlackElo "2170"]
[PlyCount "51"]
[EventDate "2006.10.06"]
[EventType "team"]
[EventRounds "11"]
[EventCountry "AUT"]
[WhiteTeam "Aljechin/Wieden"]
[BlackTeam "SV Stockerau"]

1.e4 c5 2.d3 e6 3.Nf3 d5 4.Nbd2 Nc6 5.g3 Nf6 6.Bg2 Be7 7.O-O O-O 8.e5 Nd7 9.Re1
Qc7 10.Qe2 b5 11.h4 a5 12.Nf1 Ba6 13.Bf4 b4 14.Ne3 Nb6 15.c4 Rad8 16.b3 dxc4
17.dxc4 Nd4 18.Nxd4 Rxd4 19.Qh5 Qc8 20.Ng4 Qe8 21.Be3 Rd8 22.Nf6+ Bxf6 23.exf6
Nd7 24.fxg7 Kxg7 25.Bh6+ Kh8 26.Bxf8

[Event "AUT_2BO_200607"]
[Site "6 810Zwettl,4 511Bruck/L,2"]
[Date "2006.10.08"]
[Round "3"]
[Board "1"]
[White "Markos, Jan"]
[Black "Ganaus, Hannes"]
[Result "1-0"]
[WhiteElo "2538"]
[BlackElo "2326"]
[PlyCount "72"]
[EventDate "2006.10.06"]
[EventType "team"]
[EventRounds "11"]
[EventCountry "AUT"]
[WhiteTeam "OMV Pamhagen"]
[BlackTeam "SPG Data Technology Eichgraben/Pressbaum"]

1.d4 Nf6 2.c4 g6 3.Nc3 d5 4.Bg5 Ne4 5.Bh4 Nxc3 6.bxc3 dxc4 7.e3 Qd5 8.Nf3 b5
9.Be2 Bb7 10.a4 a6 11.Qb1 Nd7 12.O-O f5 13.Qb2 Nb6 14.Rfb1 Bc6 15.axb5 axb5
16.Rxa8+ Nxa8 17.e4 fxe4 18.Ne5 Nb6 19.Qa3 Nd7 20.Nxc6 Qxc6 21.Qa5 Bg7 22.Rxb5
O-O 23.Qb4 Nb6 24.Rc5 Qd7 25.Bg3 e3 26.fxe3 Bh6 27.Bxc4+ Nxc4 28.Qxc4+ Rf7
29.Qe2 Qe6 30.e4 c6 31.h3 Bf4 32.Bxf4 Rxf4 33.e5 Kf7 34.Qc4 h5 35.g3 Rf3 36.Kg2
Re3

[Event "AUT_2BO_200607"]
[Site "6 810Zwettl,4 511Bruck/L,2"]
[Date "2006.10.08"]
[Round "3"]
[Board "2"]
[White "Neumeier, Klaus"]
[Black "Manik, Mikulas"]
[Result "0-1"]
[WhiteElo "2289"]
[BlackElo "2454"]
[PlyCount "68"]
[EventDate "2006.10.06"]
[EventType "team"]
[EventRounds "11"]
[EventCountry "AUT"]
[WhiteTeam "SPG Data Technology Eichgraben/Pressbaum"]
[BlackTeam "OMV Pamhagen"]

1.e4 c5 2.Nf3 Nc6 3.Bb5 g6 4.O-O Bg7 5.Re1 Nf6 6.e5 Nd5 7.Nc3 Nc7 8.Bxc6 dxc6
9.Ne4 Ne6 10.d3 O-O 11.Be3 b6 12.Qd2 Re8 13.Bh6 Bh8 14.Neg5 Ng7 15.Qf4 Nf5
16.Nxf7 Kxf7 17.g4 Kg8 18.gxf5 Bxf5 19.e6 Bxb2 20.Rab1 Bf6 21.Re5 Qd6 22.Rbe1
Bxe5 23.Rxe5 Bxe6 24.Qg3 c4 25.Bf4 Rf8 26.Ng5 cxd3 27.Qh4 h5 28.Nxe6 Rxf4
29.Nxf4 d2 30.Rg5 d1=Q+ 31.Kg2 Kh7 32.Nxg6 Q6d5+ 33.Rxd5 Qxd5+ 34.Kf1 Qd1+

[Event "AUT_2BO_200607"]
[Site "6 810Zwettl,4 511Bruck/L,2"]
[Date "2006.10.08"]
[Round "3"]
[Board "3"]
[White "Alvir, Aco"]
[Black "Weissenbeck, Manuel"]
[Result "1-0"]
[WhiteElo "2370"]
[BlackElo "2247"]
[PlyCount "91"]
[EventDate "2006.10.06"]
[EventType "team"]
[EventRounds "11"]
[EventCountry "AUT"]
[WhiteTeam "OMV Pamhagen"]
[BlackTeam "SPG Data Technology Eichgraben/Pressbaum"]

1.e4 c5 2.Nf3 Nc6 3.d4 cxd4 4.Nxd4 Nf6 5.Nc3 d6 6.Bg5 e6 7.Qd2 Be7 8.O-O-O Nxd4
9.Qxd4 O-O 10.e5 dxe5 11.Qxe5 Nd7 12.Bxe7 Qxe7 13.Qc7 Qd8 14.Qxd8 Rxd8 15.g3 Kf8
16.Bg2 Ke7 17.Nb5 a5 18.Rhe1 Rb8 19.Nd4 g6 20.f4 a4 21.b4 axb3 22.axb3 Nb6 23.c4
Bd7 24.Kb2 Rdc8 25.f5 gxf5 26.Nxf5+ Kf8 27.Nd6 Rc7 28.Be4 h6 29.Rd2 Bc6 30.Rf2
Kg7 31.Bxc6 bxc6 32.Kc3 Rd7 33.Ne4 Ra7 34.Ref1 Re7 35.Ra1 Nc8 36.Ra6 Reb7 37.Nc5
Rc7 38.Rd2 Rb6 39.Ra8 Ne7 40.Rad8 e5 41.g4 Ng6 42.Nd7 Rxd7 43.R2xd7 c5 44.Rc8
Rf6 45.Rxc5 e4 46.Rf5

[Event "AUT_2BO_200607"]
[Site "6 810Zwettl,4 511Bruck/L,2"]
[Date "2006.10.08"]
[Round "3"]
[Board "4"]
[White "Pichler, Michael"]
[Black "Lipka, Juraj"]
[Result "1/2-1/2"]
[WhiteElo "2192"]
[BlackElo "2418"]
[PlyCount "54"]
[EventDate "2006.10.06"]
[EventType "team"]
[EventRounds "11"]
[EventCountry "AUT"]
[WhiteTeam "SPG Data Technology Eichgraben/Pressbaum"]
[BlackTeam "OMV Pamhagen"]

1.e4 e6 2.Nc3 d5 3.d4 Nf6 4.e5 Nfd7 5.f4 c5 6.Nf3 Nc6 7.Be3 Qb6 8.Na4 Qa5+ 9.c3
b6 10.Bd2 c4 11.b4 Qa6 12.Be2 Be7 13.O-O O-O 14.Nb2 b5 15.a3 Qb6 16.Kh1 a5
17.Qc2 f6 18.Rab1 Qb8 19.Nd1 Nb6 20.Ne3 fxe5 21.Nxe5 Nxe5 22.fxe5 Bd7 23.Bg4 Qc7
24.g3 Rxf1+ 25.Rxf1 Rf8 26.Rxf8+ Bxf8 27.Ng2 Qc6

[Event "AUT_2BO_200607"]
[Site "6 810Zwettl,4 511Bruck/L,2"]
[Date "2006.10.08"]
[Round "3"]
[Board "6"]
[White "Mayr, Thomas"]
[Black "Froschauer, Hans"]
[Result "0-1"]
[WhiteElo "2130"]
[BlackElo "2180"]
[PlyCount "82"]
[EventDate "2006.10.06"]
[EventType "team"]
[EventRounds "11"]
[EventCountry "AUT"]
[WhiteTeam "SPG Data Technology Eichgraben/Pressbaum"]
[BlackTeam "OMV Pamhagen"]

1.e4 c6 2.c4 d6 3.d4 g6 4.Nc3 Bg7 5.h3 Nf6 6.Nf3 O-O 7.Be2 a6 8.a4 Qc7 9.O-O
Nbd7 10.Be3 b6 11.b4 Bb7 12.a5 Rfd8 13.Qc2 Rac8 14.axb6 Qxb6 15.e5 Ne8 16.c5 Qa7
17.Bf4 Nf8 18.Ra2 Ne6 19.Be3 dxe5 20.dxe5 Qb8 21.Na4 N8c7 22.Nb6 Nd5 23.Nxc8
Bxc8 24.Qb2 Nec7 25.Bd2 Nb5 26.Bc4 Be6 27.Rxa6 Qc8 28.Bxb5 cxb5 29.Rfa1 Nc7
30.Ra7 Bd5 31.Nh2 Qf5 32.Bc3 Ne6 33.Ng4 Nf4 34.f3 Nxh3+ 35.gxh3 Qxf3 36.Rf1 Qh1+
37.Kf2 Qxh3 38.Rg1 Qf3+ 39.Ke1 Bc4 40.Ra1 h5 41.Bd4 Rxd4

[Event "AUT_2BO_200607"]
[Site "6 810Zwettl,4 511Bruck/L,2"]
[Date "2006.10.08"]
[Round "3"]
[Board "1"]
[White "Srienz, Christian"]
[Black "Blatny, Pavel"]
[Result "0-1"]
[WhiteElo "2241"]
[BlackElo "2447"]
[PlyCount "74"]
[EventDate "2006.10.06"]
[EventType "team"]
[EventRounds "11"]
[EventCountry "AUT"]
[WhiteTeam "SV Tschaturanga Neubau"]
[BlackTeam "SK Zwettl"]

1.e4 d6 2.d4 g6 3.Nc3 Bg7 4.Nf3 Nd7 5.Be2 e6 6.Bg5 Ne7 7.Qd2 h6 8.Be3 b6 9.h4
Bb7 10.h5 g5 11.O-O-O a6 12.Nh2 b5 13.f3 Nb6 14.d5 b4 15.Nb1 exd5 16.Bd4 f6
17.Bxb6 cxb6 18.Qxb4 Qc7 19.Qc3 Qd7 20.Ng4 O-O 21.Qb3 b5 22.Ne3 Kh8 23.Nxd5 Nxd5
24.exd5 Rac8 25.f4 g4 26.Bd3 f5 27.Rhe1 Rc5 28.Bf1 Qf7 29.Nc3 Rfc8 30.Qb4 Qc7
31.Kb1 a5 32.Qb3 a4 33.Qb4 Rxc3 34.Qxb5 Rxc2 35.Re8+ Kh7 36.Bd3 Rc1+ 37.Rxc1
Qxc1#

[Event "AUT_2BO_200607"]
[Site "6 810Zwettl,4 511Bruck/L,2"]
[Date "2006.10.08"]
[Round "3"]
[Board "2"]
[White "Holemar, David"]
[Black "Kleiser, Gregor"]
[Result "1/2-1/2"]
[WhiteElo "2270"]
[BlackElo "2276"]
[PlyCount "28"]
[EventDate "2006.10.06"]
[EventType "team"]
[EventRounds "11"]
[EventCountry "AUT"]
[WhiteTeam "SK Zwettl"]
[BlackTeam "SV Tschaturanga Neubau"]

1.d4 Nf6 2.c4 g6 3.Nc3 d5 4.e3 Bg7 5.Qb3 e6 6.Nf3 Nc6 7.Qc2 Bd7 8.Be2 Rc8 9.O-O
O-O 10.Bd2 Re8 11.Rfd1 a6 12.a3 Ne7 13.b4 Nf5 14.c5 h5

[Event "AUT_2BO_200607"]
[Site "6 810Zwettl,4 511Bruck/L,2"]
[Date "2006.10.08"]
[Round "3"]
[Board "3"]
[White "Ernst, Michael"]
[Black "Vyskocil, Neklan"]
[Result "1-0"]
[WhiteElo "2177"]
[BlackElo "2374"]
[PlyCount "87"]
[EventDate "2006.10.06"]
[EventType "team"]
[EventRounds "11"]
[EventCountry "AUT"]
[WhiteTeam "SV Tschaturanga Neubau"]
[BlackTeam "SK Zwettl"]

1.d4 Nf6 2.c4 e6 3.Nc3 Bb4 4.Qc2 O-O 5.a3 Bxc3+ 6.Qxc3 b6 7.Bg5 Bb7 8.f3 d6
9.Nh3 Nbd7 10.Nf2 Qc8 11.e4 c5 12.d5 exd5 13.cxd5 Ba6 14.Bxa6 Qxa6 15.Nd3 b5
16.O-O Qb6 17.Kh1 Rfc8 18.Rfc1 a5 19.Nf2 c4 20.Nd1 h6 21.Bxf6 Nxf6 22.Qe3 Qb7
23.Qd4 Nd7 24.Ne3 Qb6 25.Qxb6 Nxb6 26.Nf5 Rd8 27.Nd4 Na4 28.Nxb5 Rab8 29.Nd4
Rxb2 30.Rxc4 Rdb8 31.h3 Nc5 32.Rc2 Rxc2 33.Nxc2 Rb2 34.Ne3 Nb3 35.Rd1 Nd2 36.Nf5
Nc4 37.Rc1 Nxa3 38.Nxd6 a4 39.Rc8+ Kh7 40.Ra8 Rb4 41.Nxf7 Nc4 42.d6 Nb6 43.Rh8+
Kg6 44.Ne5+

[Event "AUT_2BO_200607"]
[Site "6 810Zwettl,4 511Bruck/L,2"]
[Date "2006.10.08"]
[Round "3"]
[Board "4"]
[White "Zwettler, Martin"]
[Black "Neff, Gregor"]
[Result "1/2-1/2"]
[WhiteElo "2207"]
[BlackElo "2133"]
[PlyCount "23"]
[EventDate "2006.10.06"]
[EventType "team"]
[EventRounds "11"]
[EventCountry "AUT"]
[WhiteTeam "SK Zwettl"]
[BlackTeam "SV Tschaturanga Neubau"]

1.d4 Nf6 2.Nf3 e6 3.e3 c5 4.Bd3 Be7 5.O-O O-O 6.Nbd2 d5 7.c3 b6 8.dxc5 bxc5 9.e4
Nc6 10.Re1 Qb6 11.Qe2 a5 12.e5

[Event "AUT_2BO_200607"]
[Site "6 810Zwettl,4 511Bruck/L,2"]
[Date "2006.10.08"]
[Round "3"]
[Board "5"]
[White "Ponjican, Erich"]
[Black "Janetschek, Karl"]
[Result "0-1"]
[WhiteElo "2125"]
[BlackElo "2289"]
[PlyCount "152"]
[EventDate "2006.10.06"]
[EventType "team"]
[EventRounds "11"]
[EventCountry "AUT"]
[WhiteTeam "SV Tschaturanga Neubau"]
[BlackTeam "SK Zwettl"]

1.e4 c5 2.Nf3 e6 3.d4 cxd4 4.Nxd4 a6 5.c4 Nf6 6.Nc3 d6 7.Be3 b6 8.Be2 Bb7 9.f3
Be7 10.O-O O-O 11.Rc1 Nc6 12.a3 Rc8 13.b4 Nd7 14.Qb3 Rc7 15.Na4 Qb8 16.Rfd1 Rfc8
17.Nxc6 Bxc6 18.Nb2 Ne5 19.a4 a5 20.b5 Ba8 21.Bf4 Rd8 22.Rc2 Rcc8 23.Nd3 Nd7
24.Rcd2 Qc7 25.Rc1 h6 26.Rdc2 Bg5 27.Bxg5 hxg5 28.Qc3 Nc5 29.Nxc5 dxc5 30.Rd1 e5
31.Rxd8+ Rxd8 32.Rd2 Rd4 33.Qc2 Qd8 34.Rxd4 Qxd4+ 35.Kf1 Kf8 36.h3 Ke7 37.g4 Bb7
38.Kg2 g6 39.Bd3 Bc8 40.Qd2 f6 41.Qc2 Be6 42.Kh1 Qa1+ 43.Kg2 Qe1 44.Be2 Bg8
45.Qb2 Bf7 46.Qc2 Qa1 47.Bf1 Qd4 48.Qc1 Be6 49.Be2 Kf7 50.Bf1 Qd8 51.Qc2 Qd7
52.Qc1 Kg7 53.Be2 Qd8 54.Qc3 Kh6 55.Qc1 f5 56.Qe3 Qd4 57.Qxd4 exd4 58.Bd3 fxe4
59.fxe4 Kg7 60.e5 Bf7 61.Kg3 Kf8 62.h4 gxh4+ 63.Kxh4 Ke7 64.Kg5 Ke6 65.Kf4 g5+
66.Kxg5 Kxe5 67.Kh6 Kf4 68.g5 Ke3 69.Kg7 Bh5 70.Kh6 Be8 71.Bg6 Bxg6 72.Kxg6 d3
73.Kf7 d2 74.g6 d1=Q 75.g7 Qf3+ 76.Ke7 Qg4

[Event "AUT_2BO_200607"]
[Site "6 810Zwettl,4 511Bruck/L,2"]
[Date "2006.10.08"]
[Round "3"]
[Board "1"]
[White "Rudolf, Herbert"]
[Black "Schroll, Gerhard"]
[Result "1/2-1/2"]
[WhiteElo "2216"]
[BlackElo "2377"]
[PlyCount "62"]
[EventDate "2006.10.06"]
[EventType "team"]
[EventRounds "11"]
[EventCountry "AUT"]
[WhiteTeam "ASVOe Wulkaprodersdorf"]
[BlackTeam "1 Wr NeustAedter SV"]

1.Nf3 f5 2.d3 d6 3.e4 e5 4.Nc3 Nc6 5.Be2 Nf6 6.O-O Be7 7.Nd5 fxe4 8.Nxf6+ Bxf6
9.dxe4 Be6 10.Nd2 Qd7 11.Bc4 Qf7 12.Bxe6 Qxe6 13.c3 O-O-O 14.Qb3 Qe8 15.Nc4 Qg6
16.f3 Bg5 17.a4 Kb8 18.Bxg5 Qxg5 19.Rad1 Qh6 20.Qc2 Qe6 21.Ne3 Ne7 22.b4 h5
23.b5 g5 24.a5 g4 25.Kh1 Qg6 26.a6 b6 27.Qa2 gxf3 28.gxf3 Rhg8 29.Rd2 Rdf8
30.Rg2 Qh7 31.Rxg8 Qxg8

[Event "AUT_2BO_200607"]
[Site "6 810Zwettl,4 511Bruck/L,2"]
[Date "2006.10.08"]
[Round "3"]
[Board "2"]
[White "Steiner, Bruno"]
[Black "Steinwender, Peter"]
[Result "1-0"]
[WhiteElo "2259"]
[BlackElo "2111"]
[PlyCount "40"]
[EventDate "2006.10.06"]
[EventType "team"]
[EventRounds "11"]
[EventCountry "AUT"]
[WhiteTeam "1 Wr NeustAedter SV"]
[BlackTeam "ASVOe Wulkaprodersdorf"]

1.d4 Nf6 2.Bg5 Ne4 3.Bf4 d5 4.f3 Nf6 5.e4 dxe4 6.Nc3 exf3 7.Nxf3 c6 8.Bc4 e6
9.Qe2 Nd5 10.Bxb8 Nxc3 11.bxc3 Rxb8 12.O-O Bd6 13.Ne5 O-O 14.Bd3 Bxe5 15.dxe5 f5
16.exf6 Rxf6 17.Rxf6 Qxf6 18.Rf1 Qe7 19.Qh5 g6 20.Bxg6 Qg7

[Event "AUT_2BO_200607"]
[Site "6 810Zwettl,4 511Bruck/L,2"]
[Date "2006.10.08"]
[Round "3"]
[Board "3"]
[White "Heiny, Johannes"]
[Black "Posch, Werner"]
[Result "1-0"]
[WhiteElo "2153"]
[BlackElo "2225"]
[PlyCount "55"]
[EventDate "2006.10.06"]
[EventType "team"]
[EventRounds "11"]
[EventCountry "AUT"]
[WhiteTeam "ASVOe Wulkaprodersdorf"]
[BlackTeam "1 Wr NeustAedter SV"]

1.e4 Nf6 2.e5 Nd5 3.d4 d6 4.Nf3 Bg4 5.Be2 e6 6.O-O Be7 7.c4 Nb6 8.Nc3 O-O 9.Be3
Nc6 10.exd6 cxd6 11.d5 Bxf3 12.Bxf3 Ne5 13.dxe6 Nxf3+ 14.Qxf3 fxe6 15.Qg4 Rf5
16.Bxb6 Qxb6 17.Nd5 Qd8 18.Rae1 Bf8 19.Rxe6 Rg5 20.Qe4 Rc8 21.f4 Rh5 22.h3 a6
23.Kh2 b5 24.Ne7+ Bxe7 25.Rxe7 bxc4 26.Qe6+ Kh8 27.Re1 h6 28.Qf7

[Event "AUT_2BO_200607"]
[Site "6 810Zwettl,4 511Bruck/L,2"]
[Date "2006.10.08"]
[Round "3"]
[Board "4"]
[White "Steiner, Adam"]
[Black "Pallitsch, Clemens"]
[Result "1-0"]
[WhiteElo "2150"]
[BlackElo "1983"]
[PlyCount "61"]
[EventDate "2006.10.06"]
[EventType "team"]
[EventRounds "11"]
[EventCountry "AUT"]
[WhiteTeam "1 Wr NeustAedter SV"]
[BlackTeam "ASVOe Wulkaprodersdorf"]

1.e4 d5 2.exd5 Qxd5 3.Nc3 Qa5 4.d4 c6 5.Nf3 Nf6 6.Bd2 Qc7 7.Bc4 Bf5 8.Ne5 e6
9.g4 Be4 10.Nxe4 Nxe4 11.Bf4 Qa5+ 12.c3 Nd6 13.Bb3 Be7 14.Qe2 O-O 15.h4 c5
16.O-O-O Nc6 17.dxc5 Nb5 18.Nc4 Nxc3 19.bxc3 Qxc3+ 20.Kb1 Bf6 21.Qe3 Qb4 22.g5
Be7 23.Bd6 a5 24.a3 Qb5 25.Bxe7 Nxe7 26.Nd6 Qc6 27.Qe4 Qxc5 28.Nxf7 Rxf7 29.Qxe6
Qxa3 30.Qxf7+ Kh8 31.Rhe1

[Event "AUT_2BO_200607"]
[Site "6 810Zwettl,4 511Bruck/L,2"]
[Date "2006.10.08"]
[Round "3"]
[Board "5"]
[White "Heiny, Michael"]
[Black "Todor, Razvan"]
[Result "0-1"]
[WhiteElo "1894"]
[BlackElo "2185"]
[PlyCount "56"]
[EventDate "2006.10.06"]
[EventType "team"]
[EventRounds "11"]
[EventCountry "AUT"]
[WhiteTeam "ASVOe Wulkaprodersdorf"]
[BlackTeam "1 Wr NeustAedter SV"]

1.Nf3 d6 2.g3 f5 3.d4 g6 4.Bg2 Bg7 5.O-O Nf6 6.c4 O-O 7.Nc3 Qe8 8.Re1 Qf7 9.Qb3
Ne4 10.Be3 Nxc3 11.bxc3 h6 12.d5 Na6 13.Nd4 Nc5 14.Qc2 Bd7 15.Nb3 Ne4 16.Bd4 e5
17.Be3 Nf6 18.h3 g5 19.Rf1 f4 20.Bd2 Qh5 21.g4 Bxg4 22.hxg4 Nxg4 23.Rfc1 Qh2+
24.Kf1 Ne3+ 25.Bxe3 fxe3 26.f3 Qg3 27.Kg1 Qf2+ 28.Kh1 Rf4

[Event "AUT_2BO_200607"]
[Site "6 810Zwettl,4 511Bruck/L,2"]
[Date "2006.10.08"]
[Round "3"]
[Board "1"]
[White "Varga, Zoltan"]
[Black "Denk, Adolf"]
[Result "1-0"]
[WhiteElo "2508"]
[BlackElo "2294"]
[PlyCount "69"]
[EventDate "2006.10.06"]
[EventType "team"]
[EventRounds "11"]
[EventCountry "AUT"]
[WhiteTeam "ASVOe SK Lackenbach"]
[BlackTeam "St POelten"]

1.e4 c5 2.Nf3 d6 3.d4 cxd4 4.Nxd4 Nf6 5.f3 a6 6.c4 e6 7.Be3 Be7 8.Nc3 Qc7 9.Rc1
b6 10.Be2 Bb7 11.O-O Nbd7 12.Qd2 Rc8 13.Rfd1 Qb8 14.Bf1 Ne5 15.Na4 Nfd7 16.b4
O-O 17.Qf2 Rfe8 18.a3 Bf8 19.h3 d5 20.cxd5 exd5 21.exd5 b5 22.Nc3 Nc4 23.Bxc4
Rxc4 24.Nb3 Bd6 25.Na5 Bg3 26.Qd2 Rh4 27.Ne4 Bh2+ 28.Kh1 Be5 29.Nc6 Qa8 30.Bg5
Rh5 31.Bf4 Bxf4 32.Qxf4 Rh6 33.Qc7 Bxc6 34.dxc6 Ne5 35.Nd6

[Event "AUT_2BO_200607"]
[Site "6 810Zwettl,4 511Bruck/L,2"]
[Date "2006.10.08"]
[Round "3"]
[Board "2"]
[White "Roehrl, Karl"]
[Black "Hagara, Eduard"]
[Result "0-1"]
[WhiteElo "2307"]
[BlackElo "2383"]
[PlyCount "102"]
[EventDate "2006.10.06"]
[EventType "team"]
[EventRounds "11"]
[EventCountry "AUT"]
[WhiteTeam "St POelten"]
[BlackTeam "ASVOe SK Lackenbach"]

1.Nf3 Nf6 2.c4 g6 3.g3 Bg7 4.Bg2 d5 5.d4 dxc4 6.Qa4+ Nfd7 7.O-O O-O 8.Qxc4 Nb6
9.Qd3 Nc6 10.Rd1 e5 11.dxe5 Qxd3 12.exd3 Nxe5 13.Nxe5 Bxe5 14.Nc3 Rd8 15.Be3 c6
16.a4 Bg4 17.Rd2 Bd4 18.Bh6 a5 19.h3 Be6 20.Ne2 Bc5 21.Rc2 Bb4 22.Be3 Bb3
23.Rcc1 Nd5 24.Bg5 f6 25.Bxd5+ Rxd5 26.Bxf6 Rxd3 27.Nd4 Bd5 28.Rd1 Rxd1+ 29.Rxd1
Rf8 30.Be5 Re8 31.f4 Bc5 32.Kh2 Kf7 33.h4 h5 34.Rd3 Bc4 35.Rd2 Bb4 36.Rf2 Bc5
37.Rd2 Rd8 38.Kh3 Bb4 39.Rf2 Bc5 40.Rd2 Rd7 41.g4 Bf1+ 42.Kg3 Bb4 43.Rd1 Be2
44.Rc1 Bxg4 45.Kg2 Be7 46.Rh1 c5 47.Nf3 Rd3 48.Rf1 Bxf3+ 49.Rxf3 Rxf3 50.Kxf3
Bxh4 51.b3 Bd8

[Event "AUT_2BO_200607"]
[Site "6 810Zwettl,4 511Bruck/L,2"]
[Date "2006.10.08"]
[Round "3"]
[Board "3"]
[White "Vajda, Szidonia"]
[Black "Woeber, Friedrich"]
[Result "1-0"]
[WhiteElo "2401"]
[BlackElo "2152"]
[PlyCount "107"]
[EventDate "2006.10.06"]
[EventType "team"]
[EventRounds "11"]
[EventCountry "AUT"]
[WhiteTeam "ASVOe SK Lackenbach"]
[BlackTeam "St POelten"]

1.e4 e5 2.Nf3 Nc6 3.Nc3 g6 4.d4 exd4 5.Nxd4 Bg7 6.Be3 Nf6 7.Qd2 O-O 8.O-O-O Re8
9.f3 d5 10.Nxc6 bxc6 11.g4 Be6 12.Bg5 Qb8 13.Bh6 Bh8 14.e5 Nd7 15.f4 Bxg4 16.Be2
Bxe2 17.Qxe2 Qb6 18.h4 Rab8 19.b3 Qb4 20.Nb1 Nc5 21.h5 Bg7 22.hxg6 fxg6 23.Qh2
Re7 24.Bg5 Kf7 25.Bxe7 Kxe7 26.Qh4+ Kf7 27.Rdf1 Qe4 28.Qf2 d4 29.Rxh7 Rh8
30.Rxh8 Bxh8 31.Nd2 Qe3 32.Qxe3 dxe3 33.Nc4 e2 34.Re1 Ne6 35.Rxe2 Nxf4 36.Rh2
Bg7 37.Kd2 Ke6 38.Ke3 Kf5 39.Kf3 g5 40.Rh7 Ne6 41.c3 Kg6 42.Rh1 Kf5 43.Rd1 g4+
44.Kg3 Bh6 45.Rh1 Bf4+ 46.Kg2 Bg5 47.Rh7 Ke4 48.Kg3 Bf4+ 49.Kxg4 Bxe5 50.Nxe5
Kxe5 51.Rh8 Nc5 52.Kf3 Ke6 53.Ke3 Ke7 54.Ra8

[Event "AUT_2BO_200607"]
[Site "6 810Zwettl,4 511Bruck/L,2"]
[Date "2006.10.08"]
[Round "3"]
[Board "5"]
[White "Stranz, Richard"]
[Black "Sekyra, Michael"]
[Result "1-0"]
[WhiteElo "2217"]
[BlackElo "2113"]
[PlyCount "135"]
[EventDate "2006.10.06"]
[EventType "team"]
[EventRounds "11"]
[EventCountry "AUT"]
[WhiteTeam "ASVOe SK Lackenbach"]
[BlackTeam "St POelten"]

1.e4 c6 2.d4 d5 3.Nc3 dxe4 4.Nxe4 Nd7 5.Nf3 Ngf6 6.Ned2 e6 7.g3 Be7 8.Bg2 O-O
9.O-O c5 10.b3 b6 11.Ne5 Ba6 12.c4 Rc8 13.Nc6 Qe8 14.Nxa7 Rc7 15.Nc6 Bd6 16.Bb2
Bb7 17.d5 Bxc6 18.dxc6 Nb8 19.Nf3 Qe7 20.Ne5 Rd8 21.Qe2 Ne8 22.Rfe1 f6 23.Ng4
Kf7 24.Qc2 Nxc6 25.Qxh7 Kf8 26.Bd5 Ne5 27.Bxe5 Bxe5 28.Bxe6 Qxe6 29.f4 Qd6
30.fxe5 Qd4+ 31.Nf2 fxe5 32.Rad1 Qc3 33.Qh3 Kf7 34.Qh5+ Ke6 35.Qxe5+ Qxe5
36.Rxe5+ Kxe5 37.Rxd8 Nf6 38.Kg2 Ra7 39.Rd2 Rd7 40.Rxd7 Nxd7 41.Ng4+ Kf5 42.Kf3
Nf8 43.Ne3+ Ke5 44.Nc2 Ne6 45.Ke3 Ng5 46.Ne1 Ne6 47.h3 Nd8 48.Nf3+ Kf6 49.Ne1
Kf5 50.Nd3 Ne6 51.g4+ Kg5 52.Kf2 Nd4 53.Ne5 Kf4 54.Nd7 Ke4 55.Nxb6 Kd3 56.Na4
Ne6 57.h4 Kc2 58.Ke3 Kb1 59.a3 Ka2 60.b4 Kxa3 61.Nxc5 Nd8 62.Nd3 Kb3 63.Kd4 Nf7
64.c5 Nd8 65.b5 Ka4 66.Kd5 Kxb5 67.Nf4 Nb7 68.Ne6

[Event "AUT_2BO_200607"]
[Site "6 810Zwettl,4 511Bruck/L,2"]
[Date "2006.10.08"]
[Round "3"]
[Board "6"]
[White "Sturzeis, Roman"]
[Black "Galavics, Hermann"]
[Result "1-0"]
[WhiteElo "2087"]
[BlackElo "2098"]
[PlyCount "91"]
[EventDate "2006.10.06"]
[EventType "team"]
[EventRounds "11"]
[EventCountry "AUT"]
[WhiteTeam "St POelten"]
[BlackTeam "ASVOe SK Lackenbach"]

1.e4 e6 2.d3 d5 3.Nd2 c5 4.g3 Nc6 5.Ngf3 Nf6 6.Bg2 Be7 7.O-O O-O 8.h3 b5 9.Nh2
Bb7 10.Ng4 Nxg4 11.hxg4 c4 12.dxc4 dxc4 13.e5 Qb6 14.Nf3 Rfd8 15.Qe2 Nd4 16.Nxd4
Bxg2 17.Kxg2 Qxd4 18.Re1 a6 19.c3 Qd5+ 20.Kh2 Qd3 21.Be3 Qxe2 22.Rxe2 Rd5 23.Bd4
Rad8 24.f4 Bc5 25.Bxc5 Rxc5 26.f5 Rdd5 27.Rae1 h6 28.Kh3 a5 29.a3 Rd3 30.fxe6
fxe6 31.g5 hxg5 32.Kg4 Rcd5 33.Kh5 Kh7 34.g4 Rd2 35.Kxg5 Rxe2 36.Rxe2 a4 37.Rh2+
Kg8 38.Kg6 Rd3 39.Rf2 Rd7 40.g5 Rd5 41.Rf7 Rxe5 42.Rxg7+ Kf8 43.Rb7 Rd5 44.Kh6
e5 45.g6 Rd8 46.Kh7

[Event "AUT_2BO_200607"]
[Site "6 810Zwettl,4 511Bruck/L,2"]
[Date "2006.11.04"]
[Round "4"]
[Board "1"]
[White "Papp, Gabor"]
[Black "Denk, Adolf"]
[Result "1-0"]
[WhiteElo "2466"]
[BlackElo "2294"]
[PlyCount "67"]
[EventDate "2006.10.06"]
[EventType "team"]
[EventRounds "11"]
[EventCountry "AUT"]
[WhiteTeam "ASVOe SK Mattersburg"]
[BlackTeam "St POelten"]

1.e4 g6 2.d4 Bg7 3.Nc3 d6 4.Bg5 h6 5.Be3 Nd7 6.Qd2 e5 7.Nf3 Ngf6 8.h3 a6 9.O-O-O
Qe7 10.dxe5 dxe5 11.g4 c6 12.g5 hxg5 13.Nxg5 b5 14.f4 Ng4 15.Bc4 Nxe3 16.Bxf7+
Kf8 17.Qxe3 exf4 18.Qxf4 Qxg5 19.Qxg5 Bh6 20.Qxh6+ Rxh6 21.Rhf1 Ke7 22.e5 b4
23.Na4 Nf8 24.Nb6 Rb8 25.Nxc8+ Rxc8 26.Bc4 Rh7 27.Bxa6 Ra8 28.Bc4 Ra5 29.Rd6
Rxe5 30.Rxc6 g5 31.Rc7+ Nd7 32.Rd1 Kd8 33.Rb7 Kc8 34.Ba6